Library of the University of Algiers 3
Ibrahim Sultan Cheibout
شعار جامعة الجزائر 3
مكتبة جامعة الجزائر 3
إبراهيم سلطان شيبوط

محاسبة التكاليف الصناعية : (رقم التسجيلة. 41907)

تفاصيل مارك
000 -LEADER
fixed length control field 01738nam a2200277Ia 4500
003 - CONTROL NUMBER IDENTIFIER
control field Ost
005 - DATE AND TIME OF LATEST TRANSACTION
control field 20260507074938.0
008 - FIXED-LENGTH DATA ELEMENTS--GENERAL INFORMATION
fixed length control field 260507s9999||||xx |||||||||||||| ||und||
020 ## - INTERNATIONAL STANDARD BOOK NUMBER
International Standard Book Number 9789957493332
040 ## - CATALOGING SOURCE
Transcribing agency fsecg
041 ## - LANGUAGE CODE
Language code of text/sound track or separate title ara
082 ## - DEWEY DECIMAL CLASSIFICATION NUMBER
Classification number 657.42
100 ## - MAIN ENTRY--PERSONAL NAME
Personal name الربيعي، كمال حسن جمعة
Relator term مؤلف
245 #0 - TITLE STATEMENT
Title محاسبة التكاليف الصناعية :
Remainder of title منهاج علمي و عملي /
Statement of responsibility, etc. كمال حسن جمعة الربيعي
250 ## - EDITION STATEMENT
Edition statement طبعة 1
260 ## - PUBLICATION, DISTRIBUTION, ETC.
Place of publication, distribution, etc. عمان:
Name of publisher, distributor, etc. اثراء للنشر و التوزيع,
Date of publication, distribution, etc. 2008
300 ## - PHYSICAL DESCRIPTION
Extent 392 صفحة؛
Other physical details إيضاحات ؛
Dimensions 24 سم
504 ## - BIBLIOGRAPHY, ETC. NOTE
Bibliography, etc. note بيبليوغرافيا ص. 389
520 ## - SUMMARY, ETC.
Summary, etc. يتناول هذا الكتاب محاسبة التكاليف الصناعية وقد قسم إلى ثلاثة أبواب ، الباب الاول المفاهيم الاساسية :طبيعة التكلفة ومحاسبة التكاليف ، نظام محاسبة التكاليف ، تحليل التعادل نظريات تحميل التكاليف ،الباب الثاني عناصر التكاليف : السيطرة والرقابة على عنصر المواد ، السيطرة والرقابة على عنصر الأجور ،السيطرة والرقابة على التكاليف الصناعية غير مباشرة الباب الثالث نظم تكاليف: تكاليف أوامر العمل ، تكاليف المقاولات تكاليف المراحل الانتاجية
653 ## - INDEX TERM--UNCONTROLLED
Uncontrolled term تكاليف صناعية
653 ## - INDEX TERM--UNCONTROLLED
Uncontrolled term محاسبة
653 ## - INDEX TERM--UNCONTROLLED
Uncontrolled term محاسبة التكاليف
653 ## - INDEX TERM--UNCONTROLLED
Uncontrolled term محاسبة تحليلية
700 ## - ADDED ENTRY--PERSONAL NAME
Personal name الساقي، سعدون مهدي
Relator term مؤلف ثانوي
942 ## - ADDED ENTRY ELEMENTS (KOHA)
Koha item type كتب
المقتنيات
Withdrawn status Lost status Source of classification or shelving scheme Damaged status Not for loan Home library Current library Date acquired Serial enumeration / chronology Inventory number Total checkouts Full call number Barcode Date last seen Price effective from Koha item type
    Dewey Decimal Classification   NOT LOAN / إعارة داخلية مكتبة كلية العلوم الإقتصادية والعلوم التجارية وعلوم التسيير مكتبة كلية العلوم الإقتصادية والعلوم التجارية وعلوم التسيير 07/05/2026 الطابق الأرضي 3252   أ/2748ن1 3252 07/05/2026 07/05/2026 كتب
    Dewey Decimal Classification   Available مكتبة كلية العلوم الإقتصادية والعلوم التجارية وعلوم التسيير مكتبة كلية العلوم الإقتصادية والعلوم التجارية وعلوم التسيير 07/05/2026 الطابق الأرضي 3253   أ/2748ن2 3253 07/05/2026 07/05/2026 كتب
    Dewey Decimal Classification   Available مكتبة كلية العلوم الإقتصادية والعلوم التجارية وعلوم التسيير مكتبة كلية العلوم الإقتصادية والعلوم التجارية وعلوم التسيير 07/05/2026 الطابق الأرضي 3254   أ/2748ن3 3254 07/05/2026 07/05/2026 كتب
    Dewey Decimal Classification   Available مكتبة كلية العلوم الإقتصادية والعلوم التجارية وعلوم التسيير مكتبة كلية العلوم الإقتصادية والعلوم التجارية وعلوم التسيير 07/05/2026 الطابق الثاني 3255   أ/2748ن4 3255 07/05/2026 07/05/2026 كتب
    Dewey Decimal Classification   Available مكتبة كلية العلوم الإقتصادية والعلوم التجارية وعلوم التسيير مكتبة كلية العلوم الإقتصادية والعلوم التجارية وعلوم التسيير 07/05/2026 الطابق الثاني 3256   أ/2748ن5 3256 07/05/2026 07/05/2026 كتب
    Dewey Decimal Classification   Available مكتبة كلية العلوم الإقتصادية والعلوم التجارية وعلوم التسيير مكتبة كلية العلوم الإقتصادية والعلوم التجارية وعلوم التسيير 07/05/2026 مكتبة بن عكنون 3257   أ/2748ن6 3257 07/05/2026 07/05/2026 كتب
    Dewey Decimal Classification   Available مكتبة كلية العلوم الإقتصادية والعلوم التجارية وعلوم التسيير مكتبة كلية العلوم الإقتصادية والعلوم التجارية وعلوم التسيير 07/05/2026 مكتبة بن عكنون 3258   أ/2748ن7 3258 07/05/2026 07/05/2026 كتب
    Dewey Decimal Classification   Available مكتبة كلية العلوم الإقتصادية والعلوم التجارية وعلوم التسيير مكتبة كلية العلوم الإقتصادية والعلوم التجارية وعلوم التسيير 07/05/2026 مكتبة بن عكنون 3259   أ/2748ن8 3259 07/05/2026 07/05/2026 كتب

موارد الويب المفتوحة


© University of Algiers 3 All Rights Reserved
|
Implemented by LECHELAH Riad